| 000 | 00693nam a2200265Ia 4500 | ||
|---|---|---|---|
| 001 | Para_156 | ||
| 003 | CHAP | ||
| 008 | 220125s1982 xx 000 0 und d | ||
| 010 | _a198674 | ||
| 040 | _cCHAP | ||
| 090 | _aPA FOLLETO 3125 | ||
| 100 |
_aSears, M.K. _9163958 |
||
| 245 |
_aHairy chinch bugs in lawns / _c by M.K. Sears |
||
| 260 |
_aOntario, Canada : _b Ministry of Agriculture and Food |
||
| 300 | _a2 h. | ||
| 410 | _aFactsheet; 626 | ||
| 650 |
_aCésped _x Plagas _924336 |
||
| 901 | _aPA FOLLETO 3125 | ||
| 902 | _aA | ||
| 905 | _a0000001982 0000000000 00 | ||
| 910 | _a1982 | ||
| 942 | _cPARA | ||
| 942 |
_cPARA _d1 |
||
| 999 |
_c198674 _d198674 |
||